000 01050nam a2200301 i 4500
003 EG-GICUC
005 20260507094910.0
008 260507s1940 fr ||||fr|||| 00| 0 fre d
040 _aEG-GiCUC
_bfre
_cEG-GiCUC
_dEG-GiCUC
_eRda
041 0 _afre
082 0 4 _221
_a343.9
_bCH . M
092 0 4 _221
099 _aLaw1 10 343.9 CH . M 1940
100 1 _aChurchill, Winston
_eAuteur
245 1 0 _aMémoires sur la Deuxième Guerre mondiale.
_nIII,
_pLa grande alliance : L’Amérique en guerre, 23 juin 1941 – 17 janvier 1942 /
_cWinston S. Churchill
264 1 _aParis :
_bLibrairie Plon,
_c1940.
300 _a462 page ;
_c 24 cm.
_billustration ;
336 _2rda contenu
_a texte
337 _2rda medias
_aOrdinateur
338 _2 transporteur rda
_a Ressource en ligne
504 _aComprend des références bibliographiques.
546 _aTexte en français
650 1 _aDroit pénal
_2qrmak
651 1 _2qrmak
856 4 0 _uhttps://fll.law.cu.edu.eg/fulltext/bks/B10-11156.pdf
905 _a74
942 _2ddc
_n0
_cBK
_e21
999 _c76076
_d76076